000
00258nam a2200097Ia 4500
008
220214s9999 xx 000 0 und d
100
_a
Vijayakumar KR
245
0
_a
Rubber patta marachalum tap cheyyam (Malayalam)
260
_b
Deepika daily
_c
2004
942
_c
RE
999
_c
45710
_d
45710